000 00462cam a22001811 4500
001 ca 25000835
003 DLC
005 20260227111115.0
008 791015s1924 flu 000 0 eng
010 _aca 25000835
035 _a(OCoLC)5526347
040 _aDLC
_cMsHaU
_dDLC
042 _apremarc
050 0 0 _aBS661
_b.W5
245 0 0 _aWhite supremacy and why.
260 _aJacksonville, Fla.,
_bMontyer publishing co.,
_c1924.
300 _a 221 p.
_c19 cm.
999 _c16008
_d16008